Testigos de esperanza: ejercicios espirituales dados en presencia de S. S. Juan Pablo II
Saved in:
| Hovedforfatter: | |
|---|---|
| Format: | Bog |
| Sprog: | spansk |
| Udgivet: |
Buenos Aires
Ciudad Nueva
2006
|
| Udgivelse: | 1a. ed |
| Fag: | |
| Tags: |
Tilføj Tag
Ingen Tags, Vær først til at tagge denne postø!
|
MARC
| LEADER | 00000cam a2200000 a 4500 | ||
|---|---|---|---|
| 001 | UCE9471 | ||
| 003 | CL-VaPUC | ||
| 008 | 151022e20060000ag |||||||||||||||||spa|d | ||
| 020 | |a 9505861648 | ||
| 082 | 0 | 4 | |a 248 |b VAN |2 21 |
| 100 | |a Nguyen van Thuan, Francois-Xavier |e autor |9 600646 | ||
| 245 | 1 | 0 | |a Testigos de esperanza: ejercicios espirituales dados en presencia de S. S. Juan Pablo II |
| 250 | |a 1a. ed | ||
| 300 | |a 256 p | ||
| 942 | |c BK | ||
| 945 | |d 20151022 17:18:00 |a dcastane | ||
| 260 | |a Buenos Aires |b Ciudad Nueva |c 2006 | ||
| 650 | 0 | |a Espiritualidad |9 267331 | |
| 650 | 0 | |a Ejercicios espirituales |9 318608 | |
| 583 | |a last modification |c 20151022 17:18:00 |k Rodrigo Vera | ||
| 999 | |c 361135 |d 361133 | ||
| 952 | |0 0 |1 0 |3 erb |4 0 |6 248_000000000000000_VAN_2006 |7 0 |8 C |9 471470 |a BIBCUR |b BIBCUR |i 5206642 |o 248 VAN 2006 |p 5206642 |r 2025-04-22 |w 2019-11-24 |y BK |z Catalogado en:20151022 |k CAC | ||